| 000 | 00952nam a22002897a 4500 | ||
|---|---|---|---|
| 001 | 9852 | ||
| 003 | FISKH | ||
| 005 | 20260309090853.0 | ||
| 008 | 260309b cb ||||| |||| 00| 0 eng d | ||
| 040 |
_aFISKH _beng _cFISKH _dFISKH |
||
| 050 | _aPZ7 | ||
| 082 | _a813.54 | ||
| 100 |
_aLexau, Joan M. _eAuthor |
||
| 245 |
_aMean Jean / _cby Joan M. Lexau ; pictures by Larry Johnson |
||
| 260 |
_aBoston : _bHoughton Mifflin Company , _c1981 |
||
| 300 |
_a16 pages : _bcolor illustrations ; _c24 cm |
||
| 490 | _aHoughton Mifflin reading program | ||
| 505 | _aG | ||
| 520 | _aA story about a girl named Jean who learns that being mean can hurt others and that kindness helps build friendships. | ||
| 521 | 8 |
_a350
_bLexile estimate |
|
| 521 | 8 |
_aG
_bRaz-Plus |
|
| 650 |
_aChildren’s fiction _vBullying |
||
| 650 |
_aRealistic fiction _vFriendship |
||
| 700 |
_aJohnson, Larry _eIllustrator |
||
| 942 |
_2ddc _cBK _n0 |
||
| 999 |
_c9852 _d9852 |
||